Central Library OPAC University of Rajshahi

A book of golden deeds of all times and all lands gathered and narrated / (Record no. 22917)

MARC details
000 -LEADER
fixed length control field 00923nam a2200265I 4500
001 - CONTROL NUMBER
control field 22917
003 - CONTROL NUMBER IDENTIFIER
rucl marc code BD-RjUL
005 - DATE AND TIME OF LATEST TRANSACTION
control field 20211209000854.0
008 - FIXED-LENGTH DATA ELEMENTS--GENERAL INFORMATION
fixed length control field 140309r19281908enk b 00010ceng d
035 ## - SYSTEM CONTROL NUMBER
System control number (BD-RjUL)22982
040 ## - CATALOGING SOURCE
Original cataloging agency TXA
Transcribing agency TXA
Modifying agency m.c.
-- BOS
-- BD-RjUL
Language of cataloging eng
041 ## - LANGUAGE CODE
Language code of text/sound track or separate title eng
082 ## - DEWEY DECIMAL CLASSIFICATION NUMBER
Classification number 823
Author mark and year YOB
090 ## - LOCALLY ASSIGNED LC-TYPE CALL NUMBER (OCLC); LOCAL CALL NUMBER (OCLC)
Classification number (OCLC) (R) ; Classification number, CALL (RLIN) (NR) PR5912.B6
Local cutter number (OCLC) ; Book number/undivided call number, CALL (RLIN) F08
100 1# - MAIN ENTRY--PERSONAL NAME
Personal name Yonge, Charlotte Mary,
Dates associated with a name 1823-1901.
9 (RLIN) 70664
245 12 - TITLE STATEMENT
Title A book of golden deeds of all times and all lands gathered and narrated /
Statement of responsibility, etc. by Charlotte M. Yonge.
260 ## - PUBLICATION, DISTRIBUTION, ETC. (IMPRINT)
Place of publication, distribution, etc. London ;
Name of publisher, distributor, etc. J.M. Dent & co.;
Place of publication, distribution, etc. New York :
Name of publisher, distributor, etc. E.P. Dutton & co.,
Date of publication, distribution, etc. 1908 [reprinted 1928]
300 ## - PHYSICAL DESCRIPTION
Pagination viii, 364, [1] p. ;
Size 18 cm.
490 0# - SERIES STATEMENT
Series statement Everyman's library, For young people
Volume/sequential designation [no. 330]
500 ## - GENERAL NOTE
General note Title within ornamental border; illus. end-papers.
General note "Chronological table": p. 365-367.
504 ## - BIBLIOGRAPHY, ETC. NOTE
Bibliography, etc Bibliography: p. viii.
650 #0 - SUBJECT ADDED ENTRY--TOPICAL TERM
Topical term or geographic name as entry element Heroes.
9 (RLIN) 56300
942 ## - ADDED ENTRY ELEMENTS (KOHA)
Source of classification or shelving scheme Dewey Decimal Classification
Koha item type Books
Holdings
Lost status Source of classification or shelving scheme Damaged status Not for loan Collection code Permanent Location Current Location Shelving location Date acquired Source of acquisition Cost, normal purchase price Total Checkouts Full call number Date last seen Copy number Koha item type
  Dewey Decimal Classification   Added to bundle Fiction Central Library, University of Rajshahi Central Library, University of Rajshahi Reading Room 24/09/1955 B.H. black well 35.00   823 YOB 1928 09/03/2014 C-1 Books